| 000 | 00676nam a2200205Ia 4500 | ||
|---|---|---|---|
| 001 | 12337 | ||
| 003 | GE_BSU | ||
| 008 | 181216s||||||||xx |||||||||||||| ||und|| | ||
| 040 | _cGE_BSU | ||
| 080 | _a635.92 | ||
| 100 | _aПолетико,О.М. | ||
| 245 | _aДекоративные травянистые растения открытого грунта=Ornamental Herbaceous Plants for the open Ground | ||
| 245 | _cОтв.ред.А.Федоров | ||
| 260 | _aЛенинград | ||
| 260 | _bНаука | ||
| 260 | _c1967 | ||
| 300 | _a207 | ||
| 653 | _aДекоративные травянистые растения открытого грунта | ||
| 942 | _cBK | ||
| 999 |
_c45512 _d45512 |
||